|
|
|
|
| LEADER |
00000nas a2200000 a 4500 |
| 001 |
ssj0000941108 |
| 003 |
WaSeSS |
| 005 |
20200512172242.0 |
| 006 |
m d |
| 007 |
cr n |
| 008 |
810123u1977uuuumy ar p s 0 b0eng |
| 010 |
|
|
|a 78941549
|
| 016 |
7 |
|
|a 1365286-2
|2 DE-600
|
| 022 |
|
|
|l 0126-5636
|y 0126-5636
|
| 035 |
|
|
|a (WaSeSS)ssj0000941108
|
| 040 |
|
|
|a DLC
|b eng
|c DLC
|d NST
|d NSD
|d NST
|d OCLCQ
|d DLC
|d OCLCQ
|d HEBIS
|d DEBBG
|d OCLCO
|d OCLCF
|d OCLCO
|d OCLCQ
|d WaSeSS
|
| 041 |
0 |
|
|a eng
|a may
|
| 042 |
|
|
|a pcc
|a nsdp
|
| 043 |
|
|
|a a------
|a f------
|
| 050 |
0 |
0 |
|a DS36.85
|b .I82
|
| 210 |
0 |
|
|a Islamiyat
|
| 222 |
|
0 |
|a Islamiyat
|
| 245 |
0 |
0 |
|a Islamiyat
|h [electronic resource].
|
| 246 |
1 |
3 |
|a Jurnal Islamiyat
|f 1977-
|
| 260 |
|
|
|a [Kuala Lumpur] :
|b Fakulti Pengajian Islam, Universiti Kebangsaan Malaysia,
|c [1977?-
|
| 310 |
|
|
|a Annual
|
| 362 |
0 |
|
|a Jil. 1 (1977)-
|
| 500 |
|
|
|a Title from cover.
|
| 506 |
|
|
|a License restrictions may limit access.
|
| 546 |
|
|
|a English and Malay.
|
| 650 |
|
0 |
|a Islamic civilization
|v Periodicals.
|
| 650 |
|
0 |
|a Islam
|v Periodicals.
|
| 650 |
|
7 |
|a Islam.
|2 fast
|0 (OCoLC)fst00979776
|
| 650 |
|
7 |
|a Islamic civilization.
|2 fast
|0 (OCoLC)fst01730294
|
| 655 |
|
0 |
|a Electronic journals.
|
| 710 |
2 |
|
|a Universiti Kebangsaan Malaysia.
|b Fakulti Pengajian Islam.
|
| 850 |
|
|
|a AzTeS
|a CtY
|a DLC
|a ICRL
|a NIC
|a NNC
|
| 856 |
4 |
0 |
|z Full text available from Research Library: 01/01/2010 to present
|u https://search.proquest.com/publication/916339
|